Selected Potery: (Record no. 190846)

MARC details
000 -LEADER
fixed length control field 00640nam a22001937a 4500
005 - DATE AND TIME OF LATEST TRANSACTION
control field 20220805170832.0
010 ## - LCCN (DPL NO)
LC control number ENG-134326
020 ## - INTERNATIONAL STANDARD BOOK NUMBER
International Standard Book Number 9789390663316
Terms of availability 210.00
035 ## - SYSTEM CONTROL NUMBER
System control number EN-117858
037 ## - SOURCE OF ACQUISITION
Source of stock number/acquisition DBAD/PUB
082 ## - DEWEY DECIMAL CLASSIFICATION NUMBER
Classification number 881
100 ## - MAIN ENTRY--PERSONAL NAME
Personal name Anand, Jernail Singh
245 ## - TITLE STATEMENT
Title Selected Potery:
Remainder of title Poetic Cocktail/
Statement of responsibility, etc Jernail Singh Anand and Translated by Hela Jenayah Tekali
260 ## - PUBLICATION, DISTRIBUTION, ETC. (IMPRINT)
Place of publication, distribution, etc Haryana
Name of publisher, distributor, etc Global Fraternity of Poets
Date of publication, distribution, etc 2022
270 ## - ADDRESS
Address H-23/16, DLF Phase-I, Gurugram
City Gurugram
Postal code 122002
Electronic mail address globalfop@gmail.com
300 ## - PHYSICAL DESCRIPTION
Extent x, 66p.
Dimensions 21cm(pbk)
700 ## - ADDED ENTRY--PERSONAL NAME
Personal name Tekali, Hela Jenayah
942 ## - ADDED ENTRY ELEMENTS (KOHA)
Source of classification or shelving scheme Dewey Decimal Classification
Item type English Books
Classification part 881
Call number suffix ANA
Holdings
Withdrawn status Lost status Not for loan Collection code Home library Current library Date acquired Source of acquisition Cost, normal purchase price Full call number Barcode Copy number Cost, replacement price Koha item type
      Non-fiction Bawana Bawana 05/08/2022 DBAD/PUB 210.00 881 ANA EN-117858 1 210.00 English Books

© Delhi Public Library
Hit Counter
free hit counter